000 01153nam0a22002891 4500
001 v19\rc\2012987
005 20260407063904.0
035 _a(NLR Aleph) 005272918
090 _a6018528
_c6018528
100 _a20080925d1902 |||y0rusy50 ca
101 0 _arus
102 _aRU
105 _ay z |||||
200 1 _aЖизнь за царя
_eОпера в 4 д., с эпилог., музыка М.И. Глинки, текст барона Розена
_e[Либретто]
_fН. К-в
210 _a[Москва]
_cт-во скоропеч. А.А. Левенсон
_dценз. 1902
215 _a4 с.
300 _aАвт. указан в конце текста
309 _aБез тит. л. и обл.
701 1 _aК-в
_bН.
_cпсевдоним
702 1 _4230
_8rus
_7ca
_aГлинка
_bМ.И.
_f1804-1857
_gМихаил Иванович
_3RU\NLR\AUTH\7713879
_9123561
702 1 _aРозен
_bЕ. Ф.
_f1800-1860
_gЕвгений Федорович
_4570
801 0 _aRU
_bNLR
_c20080925
_gpsbo
801 1 _aRU
_bProSoft-M
_c20080925
_2rusmarc
801 2 _aRU
_bNLR
_c20120504
_2rusmarc
852 _aNLR
_j34.52.3.1047
942 _cBOOK
980 _aNB